| 000 | 00405nam a2200157Ia 4500 | ||
|---|---|---|---|
| 008 | 180207s9999 xx 000 0 und d | ||
| 050 | _bB561 1996 | ||
| 100 | _aBest, Cari. | ||
| 245 | _aGetting used to Harry / | ||
| 245 | _cCari Best ; pictured by Diane Palmisciano. | ||
| 260 | _aNew York : | ||
| 260 | _bOrchard Books, | ||
| 260 | _c1996 | ||
| 300 | _aunpaged : | ||
| 300 | _bcolor illustration ; | ||
| 999 |
_c355188 _d355188 |
||